Sports Quiz

Random Sports or MLB Quiz

MLB's first all-minority lineup Quiz Stats

 Plays Quiz not verified by Sporcle

Also try: NFL Head Coaches
Challenge
Share
Tweet
Embed
Score 0/9 Timer 05:00
0 Plays Today
Position Player % Correct
Right FieldRoberto Clemente
96%
Left FieldWillie Stargell
95.1%
CatcherManny Sanguillen
74.7%
PitcherDock Ellis
68.6%
First BaseAl Oliver
56.1%
Second BaseRennie Stennett
49.2%
Third BaseDave Cash
40.5%
ShortstopJackie Hernandez
40.5%
Center FieldGene Clines
29.6%

You're not logged in!

Compare scores with friends on all Sporcle quizzes.
OR
Log In

You Might Also Like...

Show Comments

Extras

Top Quizzes Today


Score Distribution

Your Account Isn't Verified!

In order to create a playlist on Sporcle, you need to verify the email address you used during registration. Go to your Sporcle Settings to finish the process.

Report this User

Report this user for behavior that violates our Community Guidelines.

Details: